| 000 | 00541nam a2200181Ia 4500 | ||
|---|---|---|---|
| 003 | OSt | ||
| 005 | 20260116115220.0 | ||
| 008 | 210210b1966 xxu||||| |||| 00| 0 eng d | ||
| 040 | _cAL | ||
| 041 | _aKannada | ||
| 082 | _a859/834 | ||
| 100 |
_aDASHARATHI DIKSHITA _9144962 _d ದತ್ತಾತ್ರೇಯ ದೀಕ್ಷಿತ್ |
||
| 245 |
_aGandagi kadidda gunda: _bಗಂಡಾಗಿ ಕಾಡಿದ್ದ ಗುಂಡ |
||
| 260 |
_aBengaluru _b- _c1966 |
||
| 690 |
_aKannada Fiction _9144964 |
||
| 906 | _a021593 | ||
| 942 |
_2ddc _cBK |
||
| 999 |
_c145681 _d145681 |
||